Tratado patológico teórico-práctico de los tumores humorales, (Registro nro. 68137)
[ vista simple ]
| 000 -ENCABEZADO | |
|---|---|
| Número de control [NR] | 02348nam a22002777a 4500 |
| 005 - FECHA Y HORA DE LA ÚLTIMA TRANSACCIÓN | |
| control field | 20160302140542.0 |
| 008 - DE LONGITUD FIJA DE DATOS DE ELEMENTOS - INFORMACIÓN GENERAL | |
| Elementos de longitud fija [NR] | 130419s1795||||sp ||||fr|||||001|0|spa d |
| 040 ## - FUENTE DE CATALOGACION [NR] | |
| Quien Cataloga | Sandra Yazo (modificó) |
| Quien Clasifica | Sandra Yazo (modificó) |
| Idioma de catalogación [NR] | spa |
| 041 0# - CODIGO DE IDIOMA [R] | |
| Código de idioma para texto/pista de sonido o título separado [R] | Español |
| 082 04 - NUMERO DE CLASIFICACION DECIMAL DEWEY [R] | |
| Número de clasificación [R] | 616 |
| Número de la edición [NR] | 20 |
| 092 ## - SIGNATURA TOPOGRAFICA LOCAL | |
| Número de clasificación local | E03N035 |
| 100 1# - ASIENTO PRINCIPAL--NOMBRE PERSONAL [NR] | |
| Nombre personal [NR] | Vidal, Domingo |
| ID Autoridad | 30092 |
| 245 10 - MENCION DE TITULO [NR] | |
| Título [NR] | Tratado patológico teórico-práctico de los tumores humorales, |
| Parte restante del título [NR] | arreglado para instrucción de los alumnos del Real Colegio de Cirugía de Barcelona. Tomo I[-II] |
| Mención de responsabilidad, etc. [NR] | por el licenciado Don Domingo Vidal |
| 250 ## - MENCION DE EDICION [NR] | |
| Mención de edición [NR] | Tercera impresión |
| 260 ## - PUBLICACION, DISTRIBUCION, ETC. (PIE DE IMPRENTA) [R] | |
| Lugar de publicación, distribución, etc. [R] | Madrid (España) |
| Nombre del editor, distribuidor, etc. [R] | Imprenta Real |
| Fecha de publicación, distribución, etc. [R] | 1795 |
| 300 ## - DESCRIPCION FISICA [R] | |
| Extensión [R] | 2 tomos en 1 volumen ([8], 167 ; [6], 176 páginas) |
| Dimensiones [R] | 15 x 11 cm. |
| 500 ## - NOTA GENERAL [R] | |
| Nota general [NR] | Detalles físicos: Encuadernación rígida en pergamino. Ejemplar empieza a desencuadernarse. Conserva parcialmente las guardas. Incluye dos portadas impresas en una sola tinta. Texto impreso en una sola columna con varios tipos y tamaños de letra. Notas al pie de página. Cenefas. Mayúsculas capitales. Signaturas. En la primera portada una anotación manuscrita de donación. Pergamino con manchas de suciedad. Conserva cinta para señalar la lectura |
| 505 0# - NOTA DE CONTENIDO CON FORMATO PREESTABLECIDO [R] | |
| Nota de contenido con formato preestablecido [NR] | Tomo I-II: Patología de los tumores: El flemón ; El furúnculo ; Los sabañones ; Los bubones -- Circulación de la linfa: Las parótidas ; Tumores erisipelatosos ; La sarna ; El herpes ; Edemas ; Tumores escirrosos ; Las escrófulas ; La ránula ; Los tumores enquistados -- Lupias o lobanillos ; Bocios ; Hernia gutural ; Tumores adiposos ; Enfisema -- Tomo II: Generalidades de las heridas: Las contusiones y heridas contusas ; Las heridas en particular ; Las úlceras en general ; Las úlceras complicadas ; Las úlceras malignas |
| 506 ## - NOTA DE RESTRICCIONES DE ACCESO [R] | |
| Condiciones de acceso [NR] | Consulta en sala |
| 546 ## - NOTA DE IDIOMA [R] | |
| Nota de idioma [NR] | Texto en español antiguo |
| 650 #7 - ASIENTO SECUNDARIO DE MATERIA - TERMINO TEMATICO [R] | |
| Término temático o nombre geográfico como elemento de entrada [NR] | Heridas |
| Subdivisión general [R] | Signos y síntomas |
| -- | Obras anteriores a 1800 |
| 9 (RLIN) | 30094 |
| 650 #7 - ASIENTO SECUNDARIO DE MATERIA - TERMINO TEMATICO [R] | |
| Término temático o nombre geográfico como elemento de entrada [NR] | Úlceras |
| Subdivisión general [R] | Signos y síntomas |
| -- | Obras anteriores a 1800 |
| 9 (RLIN) | 30093 |
| 690 ## - ASUNTO AGREGADO LOCAL DE ENTRADA - TÉRMINO TEMÁTICO (OCLC, RLIN) | |
| Acceso temático local | Medicina |
| 9 (RLIN) | 7820 |
| 856 41 - LOCALIZACION Y ACCESO ELECTRONICOS [R] | |
| Identificador Uniforme del Recurso (“URI”) [R] | <a href="https://books.google.com.co/books?id=Ln9sn9qqL3YC&printsec=frontcover&dq=tratado+patol%C3%B3gico+te%C3%B3rico-pr%C3%A1ctico+de+los+tumores+1795&hl=es&sa=X&redir_esc=y#v=onepage&q=tratado%20patol%C3%B3gico%20te%C3%B3rico-pr%C3%A1ctico%20de%20los%20tumores%201795&f=false">https://books.google.com.co/books?id=Ln9sn9qqL3YC&printsec=frontcover&dq=tratado+patol%C3%B3gico+te%C3%B3rico-pr%C3%A1ctico+de+los+tumores+1795&hl=es&sa=X&redir_esc=y#v=onepage&q=tratado%20patol%C3%B3gico%20te%C3%B3rico-pr%C3%A1ctico%20de%20los%20tumores%201795&f=false</a> |
| Nota dirigida al público [R] | Disponible en línea |
| 942 ## - ELEMENTOS DE ENTRADA AGREGADOS (KOHA) | |
| Tipo de ítem principal el descrito en 300a | Libro |
| Edición | 3 |
| Tema principal | 15 |
| Sistema de clasificación | LOCAL |
| Clasificación | E03N035 |
| Suprimido | Perdido | Sistema de clasificación | Dañado | No prestable | Tipo de ítem específico | Ubicación habitual | Ubicación actual | Localización | Fecha de creación | Forma de adquisición | Costo | Volúmen / Fascículo | Total préstamos | Signatura topográfica | Código de barras | Última vez visto | Ejemplar | Price effective from | Tipo de ítem |
|---|---|---|---|---|---|---|---|---|---|---|---|---|---|---|---|---|---|---|---|
| LOCAL | Libro archivo | Archivo Histórico | Archivo Histórico | Archivo histórico | 25/02/2013 | Donación | 0.00 | V.1-2 | E03N035 | L000416 | 15/12/2012 | Ej.1 | 03/02/2013 | Libro |